000
00247nam a22001097a 4500
008
170112b xxu||||| |||| 00| 0 eng d
020
_a
9780826157560
041
_a
eng
080
_a
618.2
245
_a
THE RURAL NURSE
_c
MOLINARI, D
942
_2
udc
_c
BK
999
_c
2831
_d
2831